000 00565nam a2200217Ia 4500
001 163
003 AR-BaAGN
005 20231103120953.0
007 ta
008 211206s9999 xx 000 0 spa d
040 _aAR-BaAGN
_bspa
_eaacr
100 1 _aCanter, Juan,
_d1860-1924
_95595
245 1 0 _aLa imprenta de los Niños Expósitos en 1820 y 1821
260 _aBuenos Aires :
_bImp. de la Universidad,
_c1931.
300 _a59 páginas
336 _2rdacontent
_btxt
337 _2rdamedia
_bn
338 _2rdacarrier
_bnc
942 _cLIBRO
999 _c163
_d163